1111 1585 1331 1482 1264 1365 1132 1403 1373 1365 1335 1407 1964 1454 1892 1563 1780 1240 1666 1279 1559 1740 1942 1673 1376 1625 1690 1581 1118 1298 1768 1013 1008 1657 1977 1604 1581 1226 1486 1838 1938 1573 1494 1280 1188 1622 1440 1502 1890 1123 1095 1402 1070 1199 1527 1417 1499 1091 1144 1605 1951 1288 1863 1840 1950 1618 1690 1721 1648 1315 1958 1640 1724 1449 1102 1200 1281 1444 1278 1896 1246 1272 1534 1695 1915 1357 1743 1328 1728 1334 1832 1884 1023 1256 1612 1530 1666 1793 1796 BCNSPRNW ULIB Ver.6.0+V

เปลี่ยนเป็นภาษาไทย

Change to English
 แสดงรายละเอียดบรรณานุกรม
  กลับหน้าหลัก

Brief Record : Get Marc (ISO 2709) : E-mail record : QR code < ปิดหน้าต่าง
LEADER : 00000nam 2200000uu 4500
001    13399120090
003     ULIB
008    020711s2553 th a 000 0 tha d
020    9786167381138
090    นว.^bด151ร
100    ดวงดาวสีน้ำเงิน
245    รักอันตรายเจ้าชายฟีนิกซ์ /^cดวงดาวสีน้ำเงิน
260    กรุงเทพฯ :^bไอดีซี,^c2553
300    216 หน้า หน้า
945    ^p175^l0^i17088
999    ^aทศพร เกษรทอง
รายการนี้ยังไม่มีแท็ก
คุณยังไม่ได้ล็อกอิน คุณสามารถมีกิจกรรมร่วมกับเว็บไซต์ได้ แต่ต้องล็อกอินก่อน ::
  ล็อกอิน

รายการสื่อสารสนเทศ

ลำดับที่ ประเภท เลขเรียก/บาร์โค้ด สถานที่ สถานะ
- ไม่พบข้อมูล -

BibComment


ยังไม่เคยถูกคอมเมนท์

คอมเมนท์ทรัพยากรรายการนี้
  คอมเมนท์: รักอันตรายเจ้าชาย..


 Copyright 2026. Bcnsprnw @Library